000 00698nam a2200169Ia 4500
008 090711s9999 xx 000 0 und d
082 _b726
100 _aSांपानेरकर सुजाता
245 _aसूप्स व्हेज-नॉनव्हेज-Sाायनीज
260 _bरोहन प्रकाशन
_c1999
300 _a72
600 _aSांपानेरकर सुजाता
630 _aसूप्स व्हेज-नॉनव्हेज-Sाायनीज
700 _aSांपानेरकर सुजाता
730 _aसूप्स व्हेज-नॉनव्हेज-Sाायनीज
942 _cBOOK
999 _c335714
_d335714